A forecast of shop rents. - No. 1 (July 1977) - No. 2 (October 1978); No. 4 (September 1980) - No. 9 (December 1985) - (Record no. 91623)

MARC details
000 -LEADER
fixed length control field 00611cam a2200217 4500
001 - CONTROL NUMBER
control field B1526
008 - FIXED-LENGTH DATA ELEMENTS--GENERAL INFORMATION
fixed length control field 090401t xxu||||| |||| 00| 0 eng d
035 ## - SYSTEM CONTROL NUMBER
System control number (Sirsi) u44970
041 ## - LANGUAGE CODE
Language code of text/sound track or separate title eng
050 ## - LIBRARY OF CONGRESS CALL NUMBER
Classification number 333.337
110 ## - MAIN ENTRY--CORPORATE NAME
Corporate name or jurisdiction name as entry element Hillier Parker Research
9 (RLIN) 2002
245 #2 - TITLE STATEMENT
Title A forecast of shop rents. - No. 1 (July 1977) - No. 2 (October 1978); No. 4 (September 1980) - No. 9 (December 1985) -
260 ## - PUBLICATION, DISTRIBUTION, ETC.
Place of publication, distribution, etc. London
Name of publisher, distributor, etc. Hillier Parker May and Rowden
Date of publication, distribution, etc. 1977 -
350 ## - PRICE (NR) (BK AM CF MU VM SE) [OBSOLETE]
Price 19.5
520 ## - SUMMARY, ETC.
Summary, etc. Published annually.
650 ## - SUBJECT ADDED ENTRY--TOPICAL TERM
Topical term or geographic name entry element FORECASTS
650 ## - SUBJECT ADDED ENTRY--TOPICAL TERM
Topical term or geographic name entry element RENT
650 ## - SUBJECT ADDED ENTRY--TOPICAL TERM
Topical term or geographic name entry element SHOPS
942 ## - ADDED ENTRY ELEMENTS (KOHA)
Suppress in OPAC 0
948 ## - LOCAL PROCESSING INFORMATION (OCLC); SERIES PART DESIGNATOR (RLIN)
c (OCLC) 04/03/1997
Holdings
Withdrawn status Lost status Source of classification or shelving scheme Damaged status Not for loan Home library Current library Shelving location Date acquired Cost, normal purchase price Total Checkouts Full call number Barcode Date last seen Copy number Cost, replacement price Price effective from Koha item type
    Dewey Decimal Classification     London London Property market reports 22/08/1991 19.50   LIBRARY ANNEXE 30027344 06/08/2019 1 19.50 06/08/2019 Book
    Dewey Decimal Classification     London London Property market reports 18/04/1995 19.50   LIBRARY ANNEXE 30028367 06/08/2019 2 19.50 06/08/2019 Book
    Dewey Decimal Classification     London London Property market reports 10/08/2000     LIBRARY ANNEXE 30027340 06/08/2019 3   06/08/2019 Book
    Dewey Decimal Classification     London London Property market reports 10/08/2000     LIBRARY ANNEXE 30027348 06/08/2019 4   06/08/2019 Book
    Dewey Decimal Classification     London London Property market reports 10/08/2000     LIBRARY ANNEXE 30027352 06/08/2019 5   06/08/2019 Book
    Dewey Decimal Classification     London London Property market reports 10/08/2000     LIBRARY ANNEXE 30027356 06/08/2019 6   06/08/2019 Book
    Dewey Decimal Classification     London London Property market reports 10/08/2000     LIBRARY ANNEXE 30027329 06/08/2019 7   06/08/2019 Book
    Dewey Decimal Classification     London London Property market reports 10/08/2000     LIBRARY ANNEXE 30029946 06/08/2019 8   06/08/2019 Book